Marauders era characters by picture - Statistics

General Stats
  • This quiz has been taken 583 times
  • The average score is 17 of 22
Answer Stats
Picture Answer % Correct
James Potter
100%
Remus Lupin
100%
Sirius Black
100%
Lily Evans
99%
Peter Pettigrew
98%
Regulus Black
98%
Marlene Mckinnon
94%
Mary Mcdonald
94%
Evan Rosier
92%
Barty Crouch Jr
90%
Severus Snape
90%
Pandora Rosier
87%
Bellatrix Black
81%
Narcissa Black
80%
Andromeda Black
73%
Dorcas Meadowes
73%
Rita Skeeter
69%
Sybill Trelawney
53%
Alice Fortescue
43%
Emmeline Vance
41%
Xenophilius Lovegood
38%
Charity Burgbage
1%
No matching quizzes found
Score Distribution
Percent of People with Each Score
Percentile by Number Answered
Your Score History
You have not taken this quiz